00707 2200229 4500001002100000005001500021035002000036007000300056008004100059020002200100082001800122084002400140100002700164245007400191250001000265260009900275300003500374650002800409700001800437990001100455990001100466INLIS00000000000545320200302111729 a0010-0320000021ta200302 b 0 ind  a978-602-0920-07-8 aR.398.209 598 aR.398.209 598 THE d0 aTHERESIA, Dewi Kartini1 aDayang Bulan Magetsari /cTheresia Dewi Kartini; editor, Tim Penerbit acet.1 aPangkalpinang :bBadan Perpustakaan dan Arsip Daerah Provinsi Kepulauan Bangka Belitung,c2014 aiv, 23 hlm. :bilus. ;c25 cm. 4aCERITA RAKYAT INDONESIA0 aTIM, Penerbit a4076 a a4076 b